25 largest cities by letter - C - Statistics

General Stats
  • This quiz has been taken 122 times
  • The average score is 15 of 25
Answer Stats
Country Population City % Correct
Egypt 7,734,614 Cairo
100%
South Africa 3,433,441 Cape Town
98%
Morocco 3,144,909 Casablanca
96%
Venezuela 3,000,000 Caracas
95%
Denmark 1,153,615 Copenhagen
94%
United States 2,720,546 Chicago
85%
Canada 1,019,942 Calgary
83%
India 4,328,063 Chennai
79%
Colombia 2,392,877 Cali
77%
Guinea 1,767,200 Conakry
75%
China 7,415,590 Chengdu
73%
Argentina 1,428,214 Cordóba
70%
China 7,457,600 Chongqing
68%
Bangladesh 3,920,222 Chittagong
65%
Brazil 1,718,421 Curitiba
59%
Russia 1,062,919 Chelyabinsk
50%
Colombia 952,024 Cartagena
46%
China 3,093,980 Changsha
45%
Brazil 1,031,554 Campinas
33%
China 4,193,073 Changchun
27%
India 959,023 Coimbatore
24%
China 949,018 Changzhou
16%
Philippines 1,500,000 Caloocan
8%
India 960,787 Chandigarh
8%
China 1,047,700 Changshu
5%
No matching quizzes found
Score Distribution
Percent of People with Each Score
Percentile by Number Answered
Your Score History
You have not taken this quiz